[Event "BL2 West 1718 (Women)"]
[Site "Germany"]
[Date "2018.02.17"]
[Round "6.5"]
[White "Rohm, Marlena"]
[Black "Knop, Karin"]
[Result "1/2-1/2"]
[WhiteElo "1595"]
[BlackElo "1546"]
[PlyCount "95"]
[EventDate "2017.10.14"]
[EventType "team-tourn"]
[EventRounds "7"]
[EventCountry "GER"]
[SourceTitle "EXT 2019"]
[Source "ChessBase"]
[SourceDate "2018.10.10"]
[SourceVersion "1"]
[SourceVersionDate "2018.10.10"]
[SourceQuality "1"]
[WhiteTeam "Wattenscheid (W)"]
[BlackTeam "Heiden (W)"]
[WhiteTeamCountry "GER"]
[BlackTeamCountry "GER"]

1. d4 d5 2. c4 dxc4 3. Nc3 Nf6 4. e4 e6 5. a3 Be7 6. Bxc4 0-0 7. Nf3 a6 8. b4 b5 9. Bb3 Bb7 10. Bc2 g6 11. 0-0 c6 12. Bh6 Re8 13. Ng5 Nh5 14. Qd2 Nd7 15. Ne2 Nb6 16. Bb3 Rc8 17. Nf3 Rc7 18. g4 Nf6 19. Qf4 Bd6 20. Ne5 Bf8 21. Bg5 Be7 22. h4 Nbd7 23. Bxf6 Bxf6 24. Nxf7 Kxf7 25. g5 Kg7 26. gxf6+ Nxf6 27. e5 Nd5 28. Qg4 Rf7 29. h5 g5 30. f4 Ne3 31. h6+ Kg6 32. Qg3 Nxf1 33. Kxf1 Kxh6 34. Qh3+ Kg7 35. Bxe6 Bc8 36. Bxc8 Qxc8 37. Qg3 h6 38. Ke1 Qf5 39. Rc1 Rc8 40. Rc5 Kg6 41. e6 Qxe6 42. fxg5 Rf5 43. gxh6+ Kxh6 44. Qh3+ Kg6 45. Qg4+ Kf6 46. Qh4+ Kf7 47. Qh7+ Kf6 48. Qh4+ 1/2-1/2

[Event "BL2 West 1718 (Women)"]
[Site "Germany"]
[Date "2018.01.27"]
[Round "4.6"]
[White "Rohm, Marlena"]
[Black "Wenke, Andrea"]
[Result "1/2-1/2"]
[WhiteElo "1595"]
[BlackElo "1796"]
[PlyCount "51"]
[EventDate "2017.10.14"]
[EventType "team-tourn"]
[EventRounds "7"]
[EventCountry "GER"]
[SourceTitle "EXT 2019"]
[Source "ChessBase"]
[SourceDate "2018.10.10"]
[SourceVersion "1"]
[SourceVersionDate "2018.10.10"]
[SourceQuality "1"]
[WhiteTeam "Wattenscheid (W)"]
[BlackTeam "Delmenhorst (W)"]
[WhiteTeamCountry "GER"]
[BlackTeamCountry "GER"]

1. d4 d6 2. Nf3 g6 3. Bg5 Bg7 4. c4 Nf6 5. Nc3 0-0 6. e3 Bf5 7. Bd3 Qd7 8. 0-0 Nc6 9. a3 e5 10. dxe5 dxe5 11. Bxf5 Qxf5 12. Bxf6 Bxf6 13. Nd5 Rad8 14. e4 Qe6 15. Qb3 Na5 16. Qa4 b6 17. Rac1 c5 18. Rfd1 Kg7 19. Nxf6 Qxf6 20. Rd5 Qf4 21. Qc2 Nc6 22. Rcd1 Nd4 23. Qd3 f5 24. exf5 e4 25. Qe3 Qxe3 26. fxe3 1/2-1/2

[Event "Ruhrgebiet Verbandsliga Gruppe 2 1516"]
[Site "Germany"]
[Date "2016.03.20"]
[Round "8.8"]
[White "Riesenbeck, Juergen"]
[Black "Rohm, Marlena"]
[Result "1/2-1/2"]
[WhiteElo "1881"]
[BlackElo "1529"]
[PlyCount "38"]
[EventDate "2015.09.06"]
[EventType "team-tourn"]
[EventRounds "9"]
[EventCountry "GER"]
[SourceTitle "EXT 2022"]
[Source "ChessBase"]
[SourceDate "2021.10.06"]
[SourceVersion "1"]
[SourceVersionDate "2021.10.06"]
[SourceQuality "1"]
[WhiteTeam "Katernberg SF III"]
[BlackTeam "Wattenscheid SV III"]
[WhiteTeamCountry "GER"]
[BlackTeamCountry "GER"]

1. e4 c5 2. Nf3 Nc6 3. Be2 d6 4. c3 Nf6 5. d3 Bg4 6. Nbd2 g6 7. h3 Bxf3 8. Nxf3 Bg7 9. 0-0 0-0 10. Be3 Rb8 11. Qd2 b5 12. Qc2 b4 13. Nd2 bxc3 14. bxc3 Nd7 15. Rab1 Qa5 16. Rxb8 Rxb8 17. Rc1 Nb6 18. Bd1 Qa3 19. Nb1 Qa5 1/2-1/2

[Event "Ruhrgebiet Verbandsklasse Gruppe 1 1516"]
[Site "Germany"]
[Date "2015.12.20"]
[Round "5.7"]
[White "Petri, Norbert"]
[Black "Rohm, Marlena"]
[Result "1/2-1/2"]
[WhiteElo "1868"]
[BlackElo "1509"]
[PlyCount "41"]
[EventDate "2015.09.06"]
[EventType "team-tourn"]
[EventRounds "9"]
[EventCountry "GER"]
[SourceTitle "EXT 2022"]
[Source "ChessBase"]
[SourceDate "2021.10.06"]
[SourceVersion "1"]
[SourceVersionDate "2021.10.06"]
[SourceQuality "1"]
[WhiteTeam "Essen Listiger Bauer"]
[BlackTeam "Wattenscheid SV IV"]
[WhiteTeamCountry "GER"]
[BlackTeamCountry "GER"]

1. c4 c5 2. Nc3 Nc6 3. g3 g6 4. Bg2 Bg7 5. Nf3 e6 6. 0-0 d5 7. d3 Nf6 8. e3 0-0 9. Rb1 Rb8 10. a3 a5 11. b3 Bd7 12. Bb2 d4 13. exd4 Nxd4 14. Ne2 Nxf3+ 15. Bxf3 Qc7 16. d4 Bc6 17. Bxc6 Qxc6 18. dxc5 Qxc5 19. Qd4 Qf5 20. Qf4 Qc2 21. Bxf6 1/2-1/2

[Event "GER-ch Schools U18 Girls"]
[Site "Germany"]
[Date "2010.05.08"]
[Round "5.2"]
[White "Mehling, Franziska"]
[Black "Rohm, Marlena"]
[Result "1/2-1/2"]
[WhiteElo "1477"]
[BlackElo "1506"]
[PlyCount "109"]
[EventDate "2010.05.07"]
[EventType "team-swiss"]
[EventRounds "7"]
[EventCountry "GER"]
[SourceTitle "EXT 2011"]
[Source "ChessBase"]
[SourceDate "2010.11.26"]
[SourceVersion "1"]
[SourceVersionDate "2010.11.26"]
[SourceQuality "1"]
[WhiteTeam "Karlstadt JSG (W)"]
[BlackTeam "Wattenscheid (W)"]
[WhiteTeamCountry "GER"]
[BlackTeamCountry "GER"]

1. d4 d5 2. c4 c6 3. Nf3 Nd7 4. Nc3 e6 5. e3 Ngf6 6. Bd3 Bd6 7. 0-0 b6 8. e4 dxe4 9. Nxe4 Nxe4 10. Bxe4 Bb7 11. Re1 0-0 12. b3 Qc7 13. h3 Nf6 14. Bc2 c5 15. Bb2 cxd4 16. Bxd4 Rad8 17. Qe2 Be7 18. Rad1 Bb4 19. Bxf6 gxf6 20. Rxd8 Rxd8 21. Rd1 Rxd1+ 22. Qxd1 Qd6 23. Qxd6 Bxd6 24. Nd4 a6 25. Kf1 Kg7 26. g4 h6 27. Ke2 Bg2 28. h4 Bc5 29. Kd3 Bh3 30. f3 f5 31. gxf5 exf5 32. Kc3 h5 33. Nxf5+ Bxf5 34. Bxf5 Be7 35. b4 Bxh4 36. c5 bxc5 37. bxc5 Bg3 38. c6 Kf6 39. Bd3 a5 40. Kd2 h4 41. Bf1 Ke7 42. Bh3 Kd6 43. Bd7 h3 44. Bxh3 Kxc6 45. Kd3 Kd5 46. Bg4 Ke5 47. Ke3 f5 48. Bh5 f4+ 49. Ke2 Kd4 50. Kd2 Kc4 51. Kc2 Bf2 52. Bf7+ Kb4 53. Kb2 Bd4+ 54. Kc2 Be5 55. Be6 1/2-1/2

[Event "GER-ch Schools U18 Girls"]
[Site "Germany"]
[Date "2009.05.17"]
[Round "5.2"]
[White "Hueglin, Larissa"]
[Black "Rohm, Marlena"]
[Result "0-1"]
[WhiteElo "1135"]
[BlackElo "1466"]
[PlyCount "114"]
[EventDate "2009.05.16"]
[EventType "team-swiss"]
[EventRounds "7"]
[EventCountry "GER"]
[SourceTitle "EXT 2011"]
[Source "ChessBase"]
[SourceDate "2010.11.26"]
[SourceVersion "1"]
[SourceVersionDate "2010.11.26"]
[SourceQuality "1"]
[WhiteTeam "Kenzingen Gymn (W)"]
[BlackTeam "Wattenscheid (W)"]
[WhiteTeamCountry "GER"]
[BlackTeamCountry "GER"]

1. e4 c5 2. Nf3 Nc6 3. d4 cxd4 4. Nxd4 g6 5. Nxc6 bxc6 6. Nc3 Bg7 7. Bd2 d5 8. Bd3 e5 9. exd5 cxd5 10. 0-0 Ne7 11. Bg5 f6 12. Bh4 0-0 13. f3 Qb6+ 14. Bf2 Qxb2 15. Ne2 Be6 16. f4 e4 17. Nd4 exd3 18. Nxe6 dxc2 19. Qc1 Qxc1 20. Raxc1 Rfc8 21. Nd4 f5 22. Rxc2 Rc4 23. Rd2 Kf7 24. Rfd1 Rac8 25. h3 a6 26. Nf3 Rxf4 27. h4 h6 28. a3 Ra4 29. Rd3 Rc2 30. R1d2 Rc1+ 31. Kh2 Ra5 32. Kh3 Bf6 33. Be3 Kg7 34. Bd4 Bxd4 35. Nxd4 Rh1+ 36. Kg3 Ra4 37. Ne6+ Kf6 38. Nf4 g5 39. hxg5+ hxg5 40. Nxd5+ Nxd5 41. Rxd5 Rxa3+ 42. R5d3 Rxd3+ 43. Rxd3 Ra1 44. Rd6+ Ke5 45. Rg6 g4 46. Kh2 a5 47. Rg8 a4 48. Kg3 a3 49. Re8+ Kd4 50. Kf4 a2 51. Rd8+ Kc5 52. Rc8+ Kd6 53. Kxf5 Rf1+ 54. Kxg4 a1Q 55. Rg8 Qd4+ 56. Kh3 Ke5 57. Rg3 Rh1# 0-1

[Event "GER-ch Schools U18 Girls"]
[Site "Germany"]
[Date "2009.05.17"]
[Round "4.2"]
[White "Rohm, Marlena"]
[Black "Efinger, Leila"]
[Result "0-1"]
[WhiteElo "1466"]
[BlackElo "956"]
[PlyCount "119"]
[EventDate "2009.05.16"]
[EventType "team-swiss"]
[EventRounds "7"]
[EventCountry "GER"]
[SourceTitle "EXT 2011"]
[Source "ChessBase"]
[SourceDate "2010.11.26"]
[SourceVersion "1"]
[SourceVersionDate "2010.11.26"]
[SourceQuality "1"]
[WhiteTeam "Wattenscheid (W)"]
[BlackTeam "Mainz Gymn (W)"]
[WhiteTeamCountry "GER"]
[BlackTeamCountry "GER"]

1. d4 d5 2. c4 c6 3. cxd5 cxd5 4. Nc3 Nf6 5. Bg5 Bf5 6. Qb3 Qd7 7. Bxf6 exf6 8. Qxd5 Qxd5 9. Nxd5 Bd6 10. Rc1 0-0 11. Nc7 Bxc7 12. Rxc7 b6 13. e3 Nd7 14. Bb5 Rfd8 15. Ne2 a6 16. Bc4 b5 17. Bd5 Rac8 18. Rxc8 Rxc8 19. Kd2 Rc2+ 20. Kd1 Rxb2 21. e4 Be6 22. Bxe6 fxe6 23. a3 Ra2 24. Nc1 Rxf2 25. g3 Nb6 26. Nd3 Ra2 27. g4 Rxa3 28. Kc2 Ra2+ 29. Kb3 Rg2 30. Nc5 Rxg4 31. Nxe6 Rxe4 32. Nc7 Rxd4 33. Nxa6 Kf7 34. Re1 Rd2 35. Nc7 Rxh2 36. Nxb5 Rd2 37. Re4 h5 38. Nd4 g5 39. Nf5 Kg6 40. Ne7+ Kh6 41. Nf5+ Kg6 42. Ne7+ Kf7 43. Nf5 h4 44. Nxh4 gxh4 45. Rxh4 f5 46. Rh7+ Kg6 47. Rb7 Nd5 48. Kc4 Ne3+ 49. Kc3 Rd1 50. Rb6+ Kg5 51. Rb5 Kg4 52. Rb8 Kf3 53. Re8 f4 54. Rf8 Kg3 55. Rg8+ Kf2 56. Rf8 f3 57. Rh8 Kg1 58. Rf8 f2 59. Rg8+ Kf1 60. Rh8 0-1

[Event "NRW-ch U16 Girls"]
[Site "Kranenburg"]
[Date "2007.04.13"]
[Round "6"]
[White "Rohm, Marlena"]
[Black "Stroessner, Lena"]
[Result "0-1"]
[WhiteElo "1295"]
[BlackElo "1696"]
[PlyCount "52"]
[EventDate "2007.04.09"]
[EventType "swiss"]
[EventRounds "7"]
[EventCountry "GER"]
[SourceTitle "EXT 2008"]
[Source "ChessBase"]
[SourceDate "2007.11.25"]
[SourceVersion "1"]
[SourceVersionDate "2007.11.25"]
[SourceQuality "1"]

1. d4 e6 2. c4 d5 3. Nc3 c6 4. Nf3 dxc4 5. a4 Bb4 6. Qc2 Nf6 7. e4 b5 8. e5 Nd5 9. Bd2 Bxc3 10. bxc3 a5 11. Be2 Nd7 12. 0-0 h6 13. Rfb1 Ba6 14. Bc1 0-0 15. Nd2 N7b6 16. axb5 cxb5 17. Rxa5 Na4 18. Rxa4 bxa4 19. Nxc4 Bxc4 20. Bxc4 Qa5 21. Bd2 Rfc8 22. Rb5 Qc7 23. Rc5 Qb7 24. Rb5 Qd7 25. Qa2 Ra7 26. Bxd5 Qxb5 0-1